[Event "NED-chT 2122"]
[Site "Netherlands"]
[Date "2022.02.05"]
[Round "6.2"]
[White "Senders, Mischa"]
[Black "Schoppen, Casper"]
[Result "1-0"]
[WhiteElo "2311"]
[BlackElo "2494"]
[PlyCount "111"]
[EventDate "2021.09.18"]
[EventType "team-tourn"]
[EventRounds "9"]
[EventCountry "NED"]
[SourceTitle "EXT 2023"]
[Source "ChessBase"]
[SourceDate "2022.10.05"]
[SourceVersion "1"]
[SourceVersionDate "2022.10.05"]
[SourceQuality "1"]
[WhiteTeam "Den Bosch HMC"]
[BlackTeam "Leiden LSG"]
[WhiteTeamCountry "NED"]
[BlackTeamCountry "NED"]

1. a3 Nf6 2. c4 e6 3. Nf3 d5 4. e3 Be7 5. b4 0-0 6. Bb2 a5 7. b5 c5 8. Be2 b6 9. 0-0 Bb7 10. d3 Nbd7 11. Nc3 Qc7 12. Na4 Rfd8 13. Qc2 Ne8 14. Rac1 Rac8 15. Rfd1 Qb8 16. Qb1 Ba8 17. Qa1 Bf6 18. h3 h6 19. Bc3 Bxc3 20. Qxc3 d4 21. exd4 Bxf3 22. Bxf3 cxd4 23. Qd2 Nc5 24. Nxc5 Rxc5 25. Re1 Nf6 26. Re2 Nd7 27. Rce1 Qd6 28. Bg4 Rcc8 29. f4 Qxa3 30. f5 exf5 31. Bxf5 Qd6 32. Re7 Rc7 33. c5 bxc5 34. Qxa5 g6 35. Bxg6 fxg6 36. R1e6 Qf4 37. Rxg6+ Kf8 38. Re1 Ne5 39. Rf1 Qxf1+ 40. Kxf1 Rf7+ 41. Kg1 Re8 42. Rxh6 Kg7 43. Qd2 Rf5 44. Ra6 Nf7 45. Ra7 Re6 46. Ra6 Re8 47. Ra1 Rb8 48. Qa5 Rf6 49. Rf1 Rfb6 50. Qa7 R8b7 51. Qa2 Rxb5 52. Qe6 Kf8 53. h4 Re7 54. Qh6+ Kg8 55. Qg6+ Kf8 56. h5 1-0

[Event "Split op 9th"]
[Site "Split"]
[Date "2019.08.06"]
[Round "4"]
[White "Bajlo, Kristijan"]
[Black "Senders, Mischa"]
[Result "1/2-1/2"]
[WhiteElo "2167"]
[BlackElo "2289"]
[PlyCount "109"]
[EventDate "2019.08.03"]
[EventType "swiss"]
[EventRounds "9"]
[EventCountry "CRO"]
[SourceTitle "CBM 191 Extra"]
[Source "ChessBase"]
[SourceDate "2019.09.30"]
[SourceVersion "1"]
[SourceVersionDate "2019.09.30"]
[SourceQuality "1"]

1. e4 g6 2. d4 Bg7 3. Nc3 a6 4. f4 b5 5. Nf3 Bb7 6. Bd3 d6 7. Be3 Nd7 8. e5 e6 9. a4 b4 10. Ne4 Bxe4 11. Bxe4 d5 12. Bd3 Ne7 13. 0-0 0-0 14. Qe2 a5 15. Kh1 Nf5 16. Bf2 c5 17. g4 Nh6 18. Bh4 Qc7 19. Qg2 cxd4 20. Nxd4 Nc5 21. Nb5 Qd7 22. Qh3 Kh8 23. Bf6 Ng8 24. Bxg7+ Kxg7 25. f5 f6 26. exf6+ Nxf6 27. g5 Nh5 28. f6+ Kg8 29. Be2 d4 30. Bxh5 gxh5 31. Qxh5 Qd5+ 32. Kg1 Rad8 33. f7+ Kh8 34. Qh6 Ne4 35. g6 Qg5+ 36. Qxg5 Nxg5 37. h4 Ne4 38. Rf4 Nc5 39. h5 hxg6 40. hxg6 Kg7 41. Rg4 b3 42. cxb3 e5 43. Nc7 d3 44. Ne8+ Rdxe8 45. fxe8Q Rxe8 46. Kf2 e4 47. Ke3 Rh8 48. Rf1 Rh3+ 49. Kd4 Nxb3+ 50. Ke5 e3 51. Rf7+ Kg8 52. Rc7 e2 53. Rc8+ Kg7 54. Rc7+ Kg8 55. Rc8+ 1/2-1/2

[Event "Split op 9th"]
[Site "Split"]
[Date "2019.08.05"]
[Round "3"]
[White "Senders, Mischa"]
[Black "Martinovic, Sasa"]
[Result "1/2-1/2"]
[WhiteElo "2289"]
[BlackElo "2543"]
[PlyCount "40"]
[EventDate "2019.08.03"]
[EventType "swiss"]
[EventRounds "9"]
[EventCountry "CRO"]
[SourceTitle "CBM 191 Extra"]
[Source "ChessBase"]
[SourceDate "2019.09.30"]
[SourceVersion "1"]
[SourceVersionDate "2019.09.30"]
[SourceQuality "1"]

1. e4 c5 2. b4 b6 3. bxc5 bxc5 4. Nc3 Nc6 5. Nf3 g6 6. Bc4 Bg7 7. 0-0 e6 8. Rb1 Nge7 9. d4 0-0 10. Ne2 d5 11. exd5 exd5 12. Bb5 Nxd4 13. Nexd4 cxd4 14. Nxd4 Bd7 15. Bg5 Bxb5 16. Rxb5 Qd7 17. Bxe7 Bxd4 18. Qxd4 Qxb5 19. Bxf8 Rxf8 20. h4 Qc4 1/2-1/2

[Event "NED-chT 1819"]
[Site "Netherlands"]
[Date "2018.12.15"]
[Round "5.10"]
[White "Provoost, Simon"]
[Black "Senders, Mischa"]
[Result "1-0"]
[WhiteElo "2209"]
[BlackElo "2303"]
[PlyCount "57"]
[EventDate "2018.09.15"]
[EventType "team-tourn"]
[EventRounds "9"]
[EventCountry "NED"]
[SourceTitle "CBM 187 Extra"]
[Source "ChessBase"]
[SourceDate "2018.11.04"]
[SourceVersion "1"]
[SourceVersionDate "2018.11.04"]
[SourceQuality "1"]
[WhiteTeam "Sas van Gent"]
[BlackTeam "Calder HMC"]
[WhiteTeamCountry "NED"]
[BlackTeamCountry "NED"]

1. c4 e5 2. g3 g6 3. Bg2 Bg7 4. Nc3 Ne7 5. e4 0-0 6. Nge2 Nbc6 7. d3 d6 8. 0-0 Be6 9. Nd5 Nd4 10. Nxd4 exd4 11. Nxe7+ Qxe7 12. f4 c6 13. f5 Bd7 14. Qf3 gxf5 15. exf5 Bf6 16. Bd2 Rfe8 17. Rae1 Qf8 18. Qh5 Rxe1 19. Rxe1 Re8 20. Be4 Re5 21. Bf4 Ra5 22. g4 Rxa2 23. g5 Be5 24. f6 h6 25. Bxe5 dxe5 26. Kh1 Rxb2 27. Rg1 Qb4 28. gxh6+ Kh8 29. Qg5 1-0

[Event "NED-chT 1819"]
[Site "Netherlands"]
[Date "2018.10.06"]
[Round "2.8"]
[White "Senders, Mischa"]
[Black "Vedder, Richard"]
[Result "0-1"]
[WhiteElo "2303"]
[BlackElo "2283"]
[PlyCount "80"]
[EventDate "2018.09.15"]
[EventType "team-tourn"]
[EventRounds "9"]
[EventCountry "NED"]
[SourceTitle "CBM 187 Extra"]
[Source "ChessBase"]
[SourceDate "2018.11.04"]
[SourceVersion "1"]
[SourceVersionDate "2018.11.04"]
[SourceQuality "1"]
[WhiteTeam "Calder HMC"]
[BlackTeam "En Passant"]
[WhiteTeamCountry "NED"]
[BlackTeamCountry "NED"]

1. e4 e5 2. Nf3 Nc6 3. Bb5 a6 4. Ba4 Nf6 5. Nc3 b5 6. Bb3 Bc5 7. d3 d6 8. a4 Rb8 9. axb5 axb5 10. h3 Be6 11. Nd5 Bxd5 12. exd5 Nd4 13. Nxd4 Bxd4 14. 0-0 0-0 15. c3 Bb6 16. Qf3 Nd7 17. Be3 f5 18. Bxb6 Rxb6 19. Ra7 b4 20. Ba4 Nc5 21. Bc6 bxc3 22. bxc3 e4 23. dxe4 fxe4 24. Qe3 Rb3 25. Ra8 Qf6 26. Rxf8+ Kxf8 27. Ra1 Rxc3 28. Ra8+ Kf7 29. Qd2 Rd3 30. Qe2 g6 31. Rc8 Qa1+ 32. Kh2 Qe5+ 33. g3 Rf3 34. Rxc7+ Kf6 35. Rc8 Kg7 36. Re8 Qf6 37. Kg1 Qd4 38. Re7+ Kf6 39. Re8 Rxg3+ 40. Kh2 Rb3 0-1

[Event "NED-chT 1718"]
[Site "Netherlands"]
[Date "2018.03.10"]
[Round "7.8"]
[White "Senders, Mischa"]
[Black "Balje, Jan"]
[Result "0-1"]
[WhiteElo "2312"]
[BlackElo "2218"]
[PlyCount "74"]
[EventDate "2017.09.16"]
[EventType "team-tourn"]
[EventRounds "9"]
[EventCountry "NED"]
[SourceTitle "EXT 2019"]
[Source "ChessBase"]
[SourceDate "2018.10.10"]
[SourceVersion "1"]
[SourceVersionDate "2018.10.10"]
[SourceQuality "1"]
[WhiteTeam "Calder HMC"]
[BlackTeam "Groningen Combinatie"]
[WhiteTeamCountry "NED"]
[BlackTeamCountry "NED"]

1. b3 e5 2. Bb2 Nc6 3. e3 Nf6 4. Bb5 Bd6 5. Na3 Na5 6. Nf3 Qe7 7. Nc4 Nxc4 8. Bxc4 c6 9. d4 e4 10. Ne5 0-0 11. g4 Bb4+ 12. c3 Ba5 13. g5 Nd5 14. Bxd5 cxd5 15. Qh5 d6 16. Ng4 Bf5 17. Rg1 Bg6 18. Qh4 Rac8 19. Rc1 h5 20. Nf6+ gxf6 21. gxf6 Qe6 22. Qxh5 Qxf6 23. Qxd5 Bb6 24. Qxe4 Rfe8 25. Qg4 Qe6 26. Qxe6 Rxe6 27. h4 Kh7 28. Kd2 Be4 29. Rg4 f5 30. Rg5 Bd8 31. Rg3 Bxh4 32. Rh3 Rh6 33. f3 Bc6 34. c4 Be1+ 35. Rxe1 Rxh3 36. d5 Rh2+ 37. Kc3 Bxd5 0-1

[Event "NED-chT 1718"]
[Site "Netherlands"]
[Date "2017.12.16"]
[Round "5.9"]
[White "Van der Heijden, Ton"]
[Black "Senders, Mischa"]
[Result "1-0"]
[WhiteElo "2301"]
[BlackElo "2312"]
[PlyCount "81"]
[EventDate "2017.09.16"]
[EventType "team-tourn"]
[EventRounds "9"]
[EventCountry "NED"]
[SourceTitle "EXT 2019"]
[Source "ChessBase"]
[SourceDate "2018.10.10"]
[SourceVersion "1"]
[SourceVersionDate "2018.10.10"]
[SourceQuality "1"]
[WhiteTeam "BSG"]
[BlackTeam "Calder HMC"]
[WhiteTeamCountry "NED"]
[BlackTeamCountry "NED"]

1. d4 d5 2. c4 c6 3. Nf3 Nf6 4. Qc2 g6 5. Bf4 Bf5 6. Qb3 Qb6 7. e3 Na6 8. Nc3 Qxb3 9. axb3 Nb4 10. Ra4 Nd3+ 11. Bxd3 Bxd3 12. Be5 dxc4 13. bxc4 Bg7 14. Kd2 Bf5 15. Rha1 a6 16. Rb4 b5 17. cxb5 cxb5 18. Rxb5 0-0 19. Rba5 Ne4+ 20. Nxe4 Bxe4 21. Bxg7 Kxg7 22. Ne1 Rab8 23. f3 Rxb2+ 24. Kc1 Re2 25. Kd1 Bxf3 26. Nxf3 Rxe3 27. Rxa6 Rd8 28. Kd2 Rb3 29. R1a2 e5 30. Kc2 Re3 31. dxe5 g5 32. h3 h5 33. Rd6 Re2+ 34. Kd1 Rxa2 35. Rxd8 Rxg2 36. Rd7 Kf8 37. Nd4 Ke8 38. Ra7 g4 39. hxg4 h4 40. Ra8+ Ke7 41. Nf5+ 1-0

[Event "NED-chT 1718"]
[Site "Netherlands"]
[Date "2017.11.25"]
[Round "4.9"]
[White "Driessens, Patrick"]
[Black "Senders, Mischa"]
[Result "1/2-1/2"]
[WhiteElo "2288"]
[BlackElo "2312"]
[PlyCount "82"]
[EventDate "2017.09.16"]
[EventType "team-tourn"]
[EventRounds "9"]
[EventCountry "NED"]
[SourceTitle "CBM 181 Extra"]
[Source "ChessBase"]
[SourceDate "2017.12.12"]
[SourceVersion "1"]
[SourceVersionDate "2017.12.12"]
[SourceQuality "1"]
[WhiteTeam "Voerendaal"]
[BlackTeam "Calder HMC"]
[WhiteTeamCountry "NED"]
[BlackTeamCountry "NED"]

1. Nf3 d5 2. c4 c6 3. e3 Nf6 4. Qc2 g6 5. b3 Bg7 6. Bb2 0-0 7. Be2 Bg4 8. d3 Re8 9. Nbd2 Nbd7 10. h3 Bxf3 11. Nxf3 e5 12. 0-0 e4 13. Nd2 exd3 14. Bxd3 Nc5 15. Be2 Nce4 16. Rfd1 Qe7 17. Nxe4 dxe4 18. Rd2 Rad8 19. Rad1 Rd7 20. Rxd7 Nxd7 21. Bxg7 Kxg7 22. Qd2 Nf6 23. b4 c5 24. a3 Rc8 25. Qd6 Qxd6 26. Rxd6 b6 27. g4 h6 28. Kg2 Rc7 29. Kg3 g5 30. Bf1 Nd7 31. Rd5 f6 32. Bg2 Ne5 33. bxc5 bxc5 34. Bf1 Kf7 35. Rd8 Ke7 36. Rh8 Nf7 37. Rb8 Nd6 38. Rh8 Nf7 39. Rb8 Kd6 40. a4 Ne5 41. Rh8 Nf7 1/2-1/2

[Event "NED-chT 1718"]
[Site "Netherlands"]
[Date "2017.09.16"]
[Round "1.10"]
[White "Duijn, Rob"]
[Black "Senders, Mischa"]
[Result "0-1"]
[WhiteElo "2177"]
[BlackElo "2312"]
[PlyCount "204"]
[EventDate "2017.09.16"]
[EventType "team-tourn"]
[EventRounds "9"]
[EventCountry "NED"]
[SourceTitle "CBM 180 Extra"]
[Source "ChessBase"]
[SourceDate "2017.10.06"]
[SourceVersion "1"]
[SourceVersionDate "2017.10.06"]
[SourceQuality "1"]
[WhiteTeam "Kennemer Combinatie"]
[BlackTeam "Calder HMC"]
[WhiteTeamCountry "NED"]
[BlackTeamCountry "NED"]

1. d4 d5 2. Nf3 Nf6 3. c4 c6 4. Nbd2 g6 5. g3 Bg7 6. Bg2 0-0 7. 0-0 dxc4 8. Nxc4 Be6 9. Nce5 Bd5 10. b3 Nbd7 11. Nd3 c5 12. Bb2 cxd4 13. Bxd4 a6 14. Bb2 Re8 15. Re1 Rc8 16. Bh3 e6 17. Nd2 Ne4 18. Bxg7 Kxg7 19. Nxe4 Bxe4 20. Qd2 Nf6 21. Red1 Bxd3 22. Qxd3 Qxd3 23. Rxd3 Rc2 24. Bg2 Re7 25. Bf1 Rec7 26. a3 e5 27. h3 e4 28. Rd4 Rb2 29. b4 Rc3 30. g4 h6 31. Kh2 g5 32. Kg1 e3 33. f4 Rd2 34. Rd1 Rxd1 35. Rxd1 gxf4 36. Bg2 Rxa3 37. Bxb7 Rb3 38. Bxa6 Rxb4 39. Kg2 Ne4 40. Rd5 Nd2 41. Rf5 Re4 42. Bb7 f3+ 43. Rxf3 Re7 44. Bc8 Nxf3 45. Kxf3 Kf6 46. h4 Re5 47. Kf4 Rc5 48. Bf5 Rc4+ 49. Be4 Rc3 50. Bh7 Ra3 51. Be4 Ke6 52. Bf3 Ra4+ 53. Kxe3 h5 54. gxh5 Rxh4 55. Kf2 Kf5 56. Kg3 Kg5 57. e3 Ra4 58. Bd5 f6 59. Bf7 Ra3 60. Kf3 Ra7 61. Be8 Rc7 62. Bg6 Re7 63. Kf2 f5 64. Kf3 Rc7 65. Kg3 Rc3 66. Kf2 Ra3 67. Bf7 Rc3 68. Bg6 Rb3 69. Bf7 Ra3 70. Bg6 Kg4 71. Ke2 Ra2+ 72. Kd3 Ra3+ 73. Ke2 Kg5 74. Kf2 Ra1 75. Kf3 Rc1 76. Kg3 Rc3 77. Kf2 Kf6 78. Ke2 Rc6 79. Kf3 Ke5 80. Bf7 Rb6 81. Bg8 Rd6 82. Bf7 Rh6 83. Bg6 Rh8 84. Kg3 Ra8 85. Kf3 Rh8 86. Kg3 Rb8 87. Kf3 Kf6 88. Kf4 Rb4+ 89. Kf3 Kg5 90. Bf7 Re4 91. Bg6 Ra4 92. Bf7 f4 93. Ke2 Re4 94. Bg6 Rxe3+ 95. Kf2 Ra3 96. Bf7 Ra7 97. Bg6 Kg4 98. h6 Ra2+ 99. Kf1 Rh2 100. h7 Kg3 101. Be4 f3 102. Kg1 Rh4 0-1

[Event "Mare di Fano op 6th"]
[Site "Fano"]
[Date "2017.07.31"]
[Round "4"]
[White "Senders, Mischa"]
[Black "Rago, Riccardo"]
[Result "1-0"]
[WhiteElo "2305"]
[BlackElo "2082"]
[PlyCount "134"]
[EventDate "2017.07.29"]
[EventType "swiss"]
[EventRounds "9"]
[EventCountry "ITA"]
[SourceTitle "EXT 2018"]
[Source "ChessBase"]
[SourceDate "2017.10.13"]
[SourceVersion "1"]
[SourceVersionDate "2017.10.13"]
[SourceQuality "1"]

1. e4 c5 2. Nf3 Nc6 3. Bb5 e6 4. Bxc6 dxc6 5. d3 Nf6 6. e5 Nd7 7. 0-0 Be7 8. Qe2 0-0 9. Nc3 f5 10. exf6 Rxf6 11. Bg5 Rg6 12. Bxe7 Qxe7 13. Ne5 Nxe5 14. Qxe5 Rg5 15. Qe3 b6 16. Rae1 Bd7 17. f4 Rf5 18. Qg3 Raf8 19. Re5 Qd6 20. Rxf5 exf5 21. Re1 Rf6 22. Re5 Qd4+ 23. Qe3 Re6 24. Rxe6 Bxe6 25. Kf2 Kf7 26. Ke2 Qxe3+ 27. Kxe3 Kf6 28. b3 h6 29. Ne2 g5 30. g3 g4 31. c4 Ke7 32. Ng1 Kd6 33. h4 h5 34. Ne2 Bd7 35. Nc3 Be8 36. Nd1 Bd7 37. Kd2 Be6 38. Ne3 Bd7 39. Kc3 Ke6 40. Nd1 Kd6 41. Nb2 Be8 42. Na4 Bd7 43. Kd2 Be8 44. Nc3 Bd7 45. Nd1 Be8 46. Kc3 Bd7 47. Ne3 Ke6 48. a3 Kd6 49. Nd1 Be8 50. Nb2 Bd7 51. Na4 Be8 52. Kd2 Bd7 53. Ke3 Be8 54. Nc3 Bd7 55. Nd1 Be8 56. Kd2 Bd7 57. Ne3 Ke6 58. Kc3 Kd6 59. Nc2 Be6 60. Kd2 Bd7 61. Kc3 Be6 62. b4 cxb4+ 63. axb4 Bd7 64. d4 Bc8 65. c5+ bxc5 66. dxc5+ Ke6 67. Kd4 Ba6 1-0

[Event "NED-chT 1617"]
[Site "Netherlands"]
[Date "2016.09.17"]
[Round "1.10"]
[White "Senders, Mischa"]
[Black "Groffen, Hans"]
[Result "1-0"]
[WhiteElo "2319"]
[BlackElo "2179"]
[PlyCount "61"]
[EventDate "2016.09.17"]
[EventType "team-tourn"]
[EventRounds "9"]
[EventCountry "NED"]
[SourceTitle "CBM 174 Extra"]
[Source "ChessBase"]
[SourceDate "2016.10.10"]
[SourceVersion "1"]
[SourceVersionDate "2016.10.10"]
[SourceQuality "1"]
[WhiteTeam "Calder HMC"]
[BlackTeam "Sas van Gent"]
[WhiteTeamCountry "NED"]
[BlackTeamCountry "NED"]

1. e4 d5 2. exd5 Qxd5 3. Nc3 Qd6 4. Nf3 Bg4 5. d4 Nc6 6. Nb5 Qd7 7. Bf4 0-0-0 8. Bxc7 Bxf3 9. gxf3 Qe6+ 10. Be2 Rd7 11. Bg3 a6 12. a4 h5 13. h4 Nh6 14. c3 Nf5 15. Na3 Nxg3 16. fxg3 Qg6 17. Kf2 e5 18. Nc4 Kb8 19. d5 Bc5+ 20. Kg2 Rhd8 21. Bd3 f5 22. Qb1 Rxd5 23. Bxf5 Rd2+ 24. Nxd2 Rxd2+ 25. Kh3 Qf6 26. Rh2 Rd8 27. b4 Ne7 28. bxc5 Nxf5 29. Qb6 Rd3 30. Rb1 Nd6 31. Rf2 1-0

[Event "Terre degli Elimi op 7th"]
[Site "Erice"]
[Date "2016.07.31"]
[Round "4"]
[White "Sonis, Francesco"]
[Black "Senders, Mischa"]
[Result "1/2-1/2"]
[WhiteElo "2422"]
[BlackElo "2298"]
[PlyCount "84"]
[EventDate "2016.07.28"]
[EventType "swiss"]
[EventRounds "9"]
[EventCountry "ITA"]
[SourceTitle "EXT 2017"]
[Source "ChessBase"]
[SourceDate "2016.10.25"]
[SourceVersion "1"]
[SourceVersionDate "2016.10.25"]
[SourceQuality "1"]

1. d4 Nf6 2. c4 c5 3. d5 e5 4. Nc3 d6 5. e4 Be7 6. g3 Nbd7 7. Bg2 Nf8 8. a3 Ng6 9. Nge2 0-0 10. Qc2 h6 11. b4 b6 12. Nd1 Nh7 13. Ne3 Bg5 14. 0-0 h5 15. f4 exf4 16. gxf4 Bf6 17. Bb2 h4 18. h3 Re8 19. Rab1 Bxb2 20. Rxb2 Nf6 21. Qd3 a6 22. a4 a5 23. bxc5 bxc5 24. Nd1 Ra7 25. Ndc3 Rae7 26. Rfb1 Nh5 27. Qf3 Nf6 28. Rb8 Nxe4 29. Nxe4 Rxe4 30. Qxe4 Rxe4 31. Bxe4 Qe8 32. Bf3 Qe3+ 33. Kg2 Nxf4+ 34. Nxf4 Qxf4 35. Rxc8+ Kh7 36. Kf2 Qd4+ 37. Kg2 Qd2+ 38. Kg1 Qe3+ 39. Kg2 Qd2+ 40. Kg1 Qe3+ 41. Kg2 Qf4 42. Kf2 Qd4+ 1/2-1/2

[Event "NED-chT 1516"]
[Site "Netherlands"]
[Date "2016.03.19"]
[Round "7.9"]
[White "Maes, Valeer"]
[Black "Senders, Mischa"]
[Result "0-1"]
[WhiteElo "2118"]
[BlackElo "2289"]
[PlyCount "74"]
[EventDate "2015.09.26"]
[EventType "team-tourn"]
[EventRounds "9"]
[EventCountry "NED"]
[SourceTitle "EXT 2017"]
[Source "ChessBase"]
[SourceDate "2016.10.25"]
[SourceVersion "1"]
[SourceVersionDate "2016.10.25"]
[SourceQuality "1"]
[WhiteTeam "Charlois Europoort"]
[BlackTeam "Calder HMC"]
[WhiteTeamCountry "NED"]
[BlackTeamCountry "NED"]

1. d4 Nf6 2. Nf3 d5 3. c4 c6 4. Qb3 e6 5. Bg5 Be7 6. e3 0-0 7. Nc3 Nbd7 8. cxd5 exd5 9. Bd3 Ne4 10. Bf4 Ndf6 11. h3 Qb6 12. Qc2 Bf5 13. 0-0 h6 14. Be5 Bh7 15. Rab1 Nd6 16. Bxh7+ Nxh7 17. Nd2 Nf6 18. Qd3 Qd8 19. Rfc1 Nd7 20. Bg3 Re8 21. Na4 Bf8 22. Nc5 Nxc5 23. dxc5 Ne4 24. Nxe4 Rxe4 25. b4 a6 26. f3 Re6 27. Re1 a5 28. a3 axb4 29. axb4 Ra2 30. Re2 Rxe2 31. Qxe2 b6 32. Qd3 bxc5 33. bxc5 Bxc5 34. Rb8 Qxb8 35. Bxb8 Rxe3 36. Qxe3 Bxe3+ 37. Kf1 f5 0-1

[Event "NED-chT 1516"]
[Site "Netherlands"]
[Date "2015.09.26"]
[Round "1.9"]
[White "Van Wessel, Rudy"]
[Black "Senders, Mischa"]
[Result "1/2-1/2"]
[WhiteElo "2398"]
[BlackElo "2289"]
[PlyCount "25"]
[EventDate "2015.09.26"]
[EventType "team-tourn"]
[EventRounds "9"]
[EventCountry "NED"]
[SourceTitle "EXT 2016"]
[Source "ChessBase"]
[SourceDate "2015.10.08"]
[SourceVersion "1"]
[SourceVersionDate "2015.10.08"]
[SourceQuality "1"]
[WhiteTeam "Leiden LSG"]
[BlackTeam "Calder HMC"]
[WhiteTeamCountry "NED"]
[BlackTeamCountry "NED"]

1. d4 d5 2. c4 c6 3. Nc3 Nf6 4. e3 Bf5 5. Nf3 e6 6. Be2 h6 7. 0-0 Bd6 8. Qb3 Qc8 9. Ne5 0-0 10. f4 Ne4 11. Bf3 Nxc3 12. Qxc3 Nd7 13. Nxd7 1/2-1/2

[Event "Paleochora op 8th"]
[Site "Paleochora"]
[Date "2015.07.20"]
[Round "5"]
[White "Senders, Mischa"]
[Black "Zisiadis, Dimitrios"]
[Result "1-0"]
[WhiteElo "2317"]
[BlackElo "2005"]
[PlyCount "165"]
[EventDate "2015.07.17"]
[EventType "swiss"]
[EventRounds "9"]
[EventCountry "GRE"]
[SourceTitle "CBM 167 Extra"]
[Source "ChessBase"]
[SourceDate "2015.09.14"]
[SourceVersion "1"]
[SourceVersionDate "2015.09.14"]
[SourceQuality "1"]

1. e4 e5 2. Nf3 Nc6 3. Bb5 a6 4. Ba4 Nf6 5. 0-0 Be7 6. Re1 b5 7. Bb3 d6 8. c3 0-0 9. h3 Nb8 10. d4 Nbd7 11. Nbd2 Bb7 12. Bc2 Re8 13. Nf1 Bf8 14. Ng3 g6 15. a4 c6 16. b3 Qc7 17. Bb2 Bg7 18. Bd3 h6 19. Qd2 Rad8 20. b4 Nb6 21. a5 Nc8 22. Rac1 c5 23. d5 c4 24. Bb1 Ne7 25. Rcd1 Bc8 26. Bc1 Kh7 27. Qe2 Rf8 28. Be3 Qb7 29. Nf1 Bd7 30. g4 g5 31. Ng3 Ng6 32. Nf5 Bxf5 33. gxf5 Nf4 34. Qf1 N6h5 35. Nh2 Qe7 36. Ng4 Rg8 37. Kh2 Rc8 38. Qh1 Bf6 39. Qf3 Rcd8 40. Rh1 Rg7 41. Kg1 Rgg8 42. Kf1 Bg7 43. Ke1 Nf6 44. Kd2 Nxg4 45. Qxg4 Bf6 46. Rdg1 Rg7 47. Qd1 Rdg8 48. Qf3 Qd8 49. Bc2 Qe7 50. Bd1 Qd8 51. Be2 Qe7 52. Bb6 Qb7 53. Be3 Qe7 54. Bb6 Qb7 55. Bf1 Qd7 56. Qd1 Qe7 57. Be2 Qd7 58. Qf1 Qc8 59. Be3 Qc7 60. Rh2 Qc8 61. Rhh1 Qc7 62. Bg4 Qe7 63. Bf3 Qd8 64. Be2 Qc8 65. f3 Qc7 66. Bf2 Nxe2 67. Qxe2 Qe7 68. Kc2 Qd8 69. Qd2 h5 70. Qe2 Rh8 71. Rg2 h4 72. Rhg1 Kg8 73. Qe3 Qc8 74. Qb6 Be7 75. f6 Bxf6 76. Qxd6 Rg6 77. Rg4 Kg7 78. Be3 Rd8 79. Qc5 Qd7 80. Bxg5 Bxg5 81. Rxg5 Rxg5 82. Rxg5+ Kh6 83. Qe3 1-0

[Event "NED-ch U21 playoff 5th"]
[Site "Rotterdam"]
[Date "2015.05.09"]
[Round "1"]
[White "Senders, Mischa"]
[Black "Vereggen, Lars"]
[Result "0-1"]
[WhiteElo "2311"]
[BlackElo "2299"]
[PlyCount "90"]
[EventDate "2015.05.09"]
[EventType "match (blitz)"]
[EventRounds "2"]
[EventCountry "NED"]
[SourceTitle "EXT 2016"]
[Source "ChessBase"]
[SourceDate "2015.10.08"]
[SourceVersion "1"]
[SourceVersionDate "2015.10.08"]
[SourceQuality "1"]

1. e4 c5 2. Nf3 d6 3. Bb5+ Nc6 4. 0-0 Bd7 5. Re1 g6 6. h3 Bg7 7. c3 a6 8. Bf1 e5 9. d3 Nge7 10. g3 0-0 11. Bg2 h6 12. Nbd2 Be6 13. Nf1 d5 14. Qe2 d4 15. g4 dxc3 16. bxc3 Qa5 17. Qc2 Nc8 18. Ne3 N8e7 19. Bd2 Qc7 20. c4 Nd4 21. Nxd4 cxd4 22. Nd5 Nxd5 23. exd5 Bd7 24. Rac1 f5 25. g5 hxg5 26. Bxg5 f4 27. Qe2 Qc8 28. Qf3 Qc5 29. Rb1 Rab8 30. Re2 Bf5 31. Reb2 b5 32. cxb5 axb5 33. d6 Qxd6 34. Rxb5 Rxb5 35. Rxb5 Qa3 36. Rb7 Qxd3 37. Qd5+ Kh7 38. Qc5 Rg8 39. Qe7 Qd1+ 40. Kh2 f3 41. Bc1 g5 42. Qxg5 fxg2 43. Qxf5+ Kh8 44. Kxg2 Bf6+ 45. Bg5 Rxg5+ 0-1

[Event "NED-ch U21"]
[Site "Rotterdam"]
[Date "2015.05.09"]
[Round "9"]
[White "Vereggen, Lars"]
[Black "Senders, Mischa"]
[Result "1/2-1/2"]
[WhiteElo "2299"]
[BlackElo "2311"]
[PlyCount "47"]
[EventDate "2015.05.02"]
[EventType "swiss"]
[EventRounds "9"]
[EventCountry "NED"]
[SourceTitle "EXT 2016"]
[Source "ChessBase"]
[SourceDate "2015.10.08"]
[SourceVersion "1"]
[SourceVersionDate "2015.10.08"]
[SourceQuality "1"]

1. d4 d5 2. c4 c6 3. Nf3 Nf6 4. e3 Bg4 5. h3 Bh5 6. Qb3 Qb6 7. Ne5 e6 8. Nc3 Be7 9. g4 Bg6 10. Nxg6 hxg6 11. Bg2 g5 12. Bd2 Nbd7 13. 0-0-0 Qxb3 14. axb3 0-0-0 15. e4 Nxe4 16. Nxe4 dxe4 17. Bxe4 f6 18. Be3 Bd6 19. Kc2 Kb8 20. Kc3 Bc7 21. b4 Nb6 22. Bg2 Rd7 23. Be4 Rdd8 24. Bg2 1/2-1/2

[Event "NED-ch U21"]
[Site "Rotterdam"]
[Date "2015.05.06"]
[Round "6"]
[White "Senders, Mischa"]
[Black "Beerdsen, Thomas"]
[Result "1-0"]
[WhiteElo "2311"]
[BlackElo "2291"]
[PlyCount "123"]
[EventDate "2015.05.02"]
[EventType "swiss"]
[EventRounds "9"]
[EventCountry "NED"]
[SourceTitle "EXT 2016"]
[Source "ChessBase"]
[SourceDate "2015.10.08"]
[SourceVersion "1"]
[SourceVersionDate "2015.10.08"]
[SourceQuality "1"]

1. e4 c5 2. Nf3 d6 3. d4 cxd4 4. Nxd4 Nf6 5. Nc3 a6 6. g3 e5 7. Nb3 b5 8. Bg2 Bb7 9. 0-0 Nbd7 10. a4 b4 11. Nd5 Nxd5 12. exd5 h5 13. a5 Rc8 14. Ra4 Rc4 15. c3 Nf6 16. Qd3 Qc8 17. Rxb4 Rxb4 18. cxb4 Qa8 19. Rd1 h4 20. b5 Be7 21. Bg5 hxg3 22. hxg3 Nd7 23. Be3 Nf6 24. Bg5 Nd7 25. Be3 Nf6 26. Qc4 0-0 27. b6 Rc8 28. Qd3 g6 29. Nc1 Nd7 30. Na2 f5 31. Nb4 e4 32. Qe2 Ne5 33. Rc1 Rxc1+ 34. Bxc1 Qc8 35. Bf4 Qc5 36. Bxe5 Qxb4 37. Bc3 Qc5 38. Qd2 Qxd5 39. Qxd5+ Bxd5 40. Bf1 Bb7 41. b4 d5 42. b5 axb5 43. Bxb5 Bc5 44. Be5 d4 45. Bc7 d3 46. Bf4 Kf7 47. Kf1 Ke6 48. Be3 Bxe3 49. fxe3 Kd6 50. a6 Bxa6 51. Bxa6 Kc6 52. Bc4 Kxb6 53. Bf7 g5 54. Bg6 Kc5 55. Bxf5 Kd5 56. Ke1 Ke5 57. Bc8 Kd5 58. Kd2 Ke5 59. Ba6 Ke6 60. Bxd3 exd3 61. Kxd3 Kf5 62. e4+ 1-0

[Event "NED-ch U21"]
[Site "Rotterdam"]
[Date "2015.05.05"]
[Round "5"]
[White "Schoppen, Casper"]
[Black "Senders, Mischa"]
[Result "0-1"]
[WhiteElo "2202"]
[BlackElo "2311"]
[PlyCount "92"]
[EventDate "2015.05.02"]
[EventType "swiss"]
[EventRounds "9"]
[EventCountry "NED"]
[SourceTitle "EXT 2016"]
[Source "ChessBase"]
[SourceDate "2015.10.08"]
[SourceVersion "1"]
[SourceVersionDate "2015.10.08"]
[SourceQuality "1"]

1. e4 c5 2. Nf3 d6 3. d4 cxd4 4. Nxd4 Nf6 5. Nc3 a6 6. Be3 e6 7. f3 b5 8. Qd2 Nbd7 9. 0-0-0 h5 10. Bd3 Bb7 11. Kb1 Rc8 12. a3 Ne5 13. f4 Nc4 14. Bxc4 Rxc4 15. e5 Ne4 16. Nxe4 Bxe4 17. Qe2 d5 18. Rd2 Qa5 19. Rd3 g6 20. Rf1 Be7 21. g3 Kd7 22. Rfd1 Bxd3 23. Rxd3 Rb8 24. h3 Qc7 25. g4 hxg4 26. hxg4 Rh8 27. Bf2 Rh1+ 28. Ka2 Bc5 29. c3 Rh2 30. Qf3 Bxd4 31. Bxd4 Ra4 32. Kb1 Qc4 33. f5 Rxa3 34. fxe6+ Kc6 35. Bf2 Rxf2 36. Qxd5+ Qxd5 37. Rxd5 Kxd5 38. e7 Rb3 39. e8Q Rbxb2+ 40. Kc1 Ra2 41. Kb1 Rae2 42. Qd8+ Ke4 43. Qd4+ Kf3 44. Qd5+ Kg3 45. Qd3+ Kg2 46. Qd5+ Kg1 0-1